| 000 | 00797nam a22002537a 4500 | ||
|---|---|---|---|
| 003 | DO-SdBNP | ||
| 005 | 20210601134342.0 | ||
| 008 | 210507b2018 dr |||| 00| 0 spa d | ||
| 020 | _a9789945503296 | ||
| 040 |
_aBPMSU _bspa _cBPMSU |
||
| 082 |
_a861.5 _bL879n 2018 _222 |
||
| 100 | 1 |
_aLosada, Jesús _d1962 - |
|
| 245 | 1 | 0 |
_aNegrura / _cJosús Losada. |
| 260 |
_aSanto Domingo : _bEditora Nacional ; _b Ministerio de Cultura, _c2018 |
||
| 300 |
_a81 p. ; _c20 cm. |
||
| 490 | 0 |
_aPuentes ; _aPoesía |
|
| 500 | _aIncluyes datos Biográficos del autor en la solapa de la cubierta | ||
| 590 | _aInventariado, 2021/ Mc. | ||
| 650 | 4 | _aPoesía española | |
| 650 | 4 | _aLiteratura española | |
| 710 | 2 | _aMinisterio de Cultura (República Dominicana) | |
| 910 | _aMcabrera /VMateo | ||
| 942 |
_2ddc _cBK |
||
| 999 |
_c13461 _d13461 |
||